000 00639nam a2200205 a 4500
005 20240228063915.0
008 080306s1999 mx r 000 0 spa d
020 _a8495150336
035 _aUPN01000154790
049 _aI
050 4 _aPZ76.3
_bI2.3
100 1 _aIchikawa, Satomi
245 1 3 _aEn busca de tesoros /
_cSatomi Ichikawa ; tr. Anna Coll-Vinent.
260 _aBarcelona, [Esp.] :
_bCorimbo,
_c1999.
300 _a[33] p. :
_bprincipalmente il. col.
534 _pTraducción de:
_tChasse aux trésors
650 0 _aAnimales
_vCuentos y leyendas
_9234
650 4 _aLibros y lectura para niños
_92290
905 _aInfantil
999 _c126906
_d126906